000
00291nam a22001097a 4500
008
230731b xxu||||| |||| 00| 0 eng d
082
_a
362.5
_b
CHI
245
_a
Planning for Poverty Reduction: Lessons from Africa
260
_a
Oxford
_b
University of Oxford
300
_a
23p
942
_2
ddc
_c
BK
999
_c
4007
_d
4007